XML Web Services and SOAP / (Record no. 536)
[ view plain ]
| 000 -LEADER | |
|---|---|
| fixed length control field | 00668nac a22001931u 4500 |
| 020 ## - INTERNATIONAL STANDARD BOOK NUMBER | |
| International Standard Book Number | 8176565504 |
| 082 ## - DEWEY DECIMAL CLASSIFICATION NUMBER | |
| Classification number | 005.7/2 |
| Item number | M9539 |
| 090 ## - LOCALLY ASSIGNED LC-TYPE CALL NUMBER (OCLC); LOCAL CALL NUMBER (OCLC) | |
| -- | 536 |
| -- | 536 |
| 100 ## - MAIN ENTRY--PERSONAL NAME | |
| Personal name | Mukhi, Vijay |
| 245 ## - TITLE STATEMENT | |
| Title | XML Web Services and SOAP / |
| Remainder of title | Vijay Mukhi. |
| 260 ## - PUBLICATION, DISTRIBUTION, ETC. (IMPRINT) | |
| Place of publication, distribution, etc | New Delhi : |
| Name of publisher, distributor, etc | BPB Publications, |
| Date of publication, distribution, etc | [2000]. |
| 300 ## - PHYSICAL DESCRIPTION | |
| Extent | 416 p. : |
| Other physical details | ill. ; |
| Dimensions | 22 cm. |
| 650 ## - SUBJECT ADDED ENTRY--TOPICAL TERM | |
| Topical term or geographic name as entry element | XML (Document markup language) |
| 650 ## - SUBJECT ADDED ENTRY--TOPICAL TERM | |
| Topical term or geographic name as entry element | XML |
| 700 ## - ADDED ENTRY--PERSONAL NAME | |
| Personal name | Ramchnad, Vikram |
| 700 ## - ADDED ENTRY--PERSONAL NAME | |
| Personal name | Mukhi, Sonal |
| 942 ## - ADDED ENTRY ELEMENTS (KOHA) | |
| Item type | Book - Borrowing |
| Call number prefix | 005.7/2M9539 |
| Withdrawn status | Item status | Source of classification or shelving scheme | Damaged status | Not for loan | Vendor | Home library | Current library | Shelving location | Date acquired | Source of acquisition | Cost, normal purchase price | Total Checkouts | Total Renewals | Full call number | Barcode | Checked out | Date last seen | Date last borrowed | Cost, replacement price | Koha item type |
|---|---|---|---|---|---|---|---|---|---|---|---|---|---|---|---|---|---|---|---|---|
| Dewey Decimal Classification | Central Library | Central Library | Lower Floor | 17/07/2006 | 37.00 | 4 | 1 | 005.72 MUK | 000004083 | 14/01/2014 | 20/12/2012 | 20/12/2012 | 46.25 | Book - Borrowing |